Advanced macroeconomics

Kaydedildi:
Detaylı Bibliyografya
Yazar: Romer, David
Materyal Türü: Kitap
Baskı/Yayın Bilgisi: McGraw-Hill Companies 1996
Etiketler: Etiketle
Etiket eklenmemiş, İlk siz ekleyin!
Thư viện lưu trữ: Mạng thư viện Đại học Đà Nẵng
LEADER 00513nam a2200217 a 4500
001 000029728
003 4419
005 20171030145630.0
008 171030s1996
040 |a LTT 
082 0 |a 339  |b RO-D 
100 1 |a Romer, David 
245 0 0 |a Advanced macroeconomics  |c David Romer. 
260 |b McGraw-Hill Companies  |c 1996 
OWN |a LTT 
999 |a From the UDN01 
TYP |a Monograph 
TYP |a Printed language 
980 |a Mạng thư viện Đại học Đà Nẵng